[Event "Titled Tuesday intern op 25th Feb Early"]
[Site "Chess.com INT"]
[Date "2025.02.25"]
[Round "6"]
[White "Chernov, Mikhail"]
[Black "Timerkhanov, Alexander"]
[Result "0-1"]
[WhiteElo "2167"]
[BlackElo "2287"]
[PlyCount "116"]
[EventDate "2025.02.25"]
[EventType "swiss (blitz)"]
[EventRounds "11"]
[EventCountry "USA"]
[SourceTitle "CB10_2025"]
[SourceDate "2025.03.05"]
[SourceVersion "1"]
[SourceVersionDate "2025.03.05"]
[SourceQuality "1"]

1. e4 c5 2. c3 d5 3. exd5 Qxd5 4. d4 Nf6 5. Nf3 e6 6. Be3 cxd4 7. cxd4 a6 8. Nc3 Qd6 9. Bd3 Nc6 10. 0-0 Be7 11. Qe2 0-0 12. Rfd1 b5 13. Rac1 Bb7 14. Ne4 Nxe4 15. Bxe4 Na5 16. Bxb7 Nxb7 17. Ne5 Rac8 18. Qf3 Rxc1 19. Rxc1 Na5 20. Nc6 Nxc6 21. Qxc6 Qb4 22. b3 Qa3 23. Rc2 Bf6 24. h3 Rd8 25. Qb6 h6 26. g3 Qb4 27. Qc5 Qe1+ 28. Kg2 Bxd4 29. Qc7 Bf6 30. Qb6 Qd1 31. Rc1 Qd5+ 32. Kh2 Rd6 33. Qb8+ Kh7 34. Qa7 Kg6 35. h4 h5 36. Rc7 Qf3 37. Qb7 Qxb7 38. Rxb7 Bc3 39. a4 bxa4 40. bxa4 a5 41. Rb5 f6 42. Kg2 e5 43. Rb7 Rc6 44. Rb3 Kf5 45. Kf3 Rc4 46. Ra3 g6 47. Ra2 Bd4 48. Ke2 Bxe3 49. Kxe3 Rb4 50. f3 g5 51. hxg5 fxg5 52. Rh2 h4 53. gxh4 gxh4 54. Ra2 Rb3+ 55. Kf2 Kf4 56. Kg2 Rxf3 57. Rb2 Ra3 58. Rb5 Rxa4 0-1

[Event "Titled Tuesday intern op 25th Feb Early"]
[Site "Chess.com INT"]
[Date "2025.02.25"]
[Round "7"]
[White "Henriquez Villagra, Cristobal"]
[Black "Timerkhanov, Alexander"]
[Result "1-0"]
[WhiteElo "2597"]
[BlackElo "2287"]
[PlyCount "49"]
[EventDate "2025.02.25"]
[EventType "swiss (blitz)"]
[EventRounds "11"]
[EventCountry "USA"]
[SourceTitle "CB10_2025"]
[SourceDate "2025.03.05"]
[SourceVersion "1"]
[SourceVersionDate "2025.03.05"]
[SourceQuality "1"]

1. e4 c5 2. Nf3 a6 3. b3 d5 4. exd5 Qxd5 5. Nc3 Qd8 6. Bb2 Nf6 7. g3 b6 8. Bg2 Bb7 9. Qe2 Nc6 10. 0-0-0 Qc7 11. Rhe1 e6 12. g4 0-0-0 13. g5 Nh5 14. Bh1 Nf4 15. Qf1 Be7 16. Ne4 e5 17. Kb1 f6 18. h4 Kb8 19. Qg1 Ka7 20. Qg3 Rhe8 21. gxf6 gxf6 22. Qg7 Bc8 23. Nxf6 Rf8 24. Nxe5 Nxe5 25. Bxe5 1-0

[Event "Titled Tuesday intern op 25th Feb Early"]
[Site "Chess.com INT"]
[Date "2025.02.25"]
[Round "5"]
[White "Timerkhanov, Alexander"]
[Black "Harriott, Tyrell"]
[Result "1-0"]
[WhiteElo "2287"]
[BlackElo "1924"]
[PlyCount "143"]
[EventDate "2025.02.25"]
[EventType "swiss (blitz)"]
[EventRounds "11"]
[EventCountry "USA"]
[SourceTitle "CB10_2025"]
[SourceDate "2025.03.05"]
[SourceVersion "1"]
[SourceVersionDate "2025.03.05"]
[SourceQuality "1"]

1. d4 d6 2. Nf3 Nf6 3. g3 Nbd7 4. Bg2 e5 5. 0-0 Be7 6. c4 c6 7. Nc3 Qc7 8. b3 0-0 9. Qc2 Re8 10. Rd1 Nf8 11. Ba3 Ng6 12. dxe5 dxe5 13. Bxe7 Qxe7 14. Ng5 Ng4 15. Nge4 Bf5 16. Qb2 Rad8 17. c5 Be6 18. Nd6 Rf8 19. b4 Qg5 20. Nce4 Qh5 21. h3 Nh6 22. Nxb7 Rxd1+ 23. Rxd1 Bxh3 24. f3 f5 25. Qb3+ Kh8 26. Nf2 Bxg2 27. Kxg2 Qg5 28. Nh3 Qh5 29. Rh1 Ne7 30. Nf4 Qe8 31. Nd6 Qd7 32. Ne6 Rf6 33. Ng5 Nd5 34. e4 fxe4 35. fxe4 Nf4+ 36. gxf4 Rxf4 37. Rxh6 gxh6 38. Ngf7+ Kg7 39. Nxe5 Qe7 40. Qg3+ Qg5 41. Nf3 Qxg3+ 42. Kxg3 Rf8 43. Nd4 Rb8 44. Nxc6 Rf8 45. Nd4 Rf1 46. c6 Rc1 47. b5 Kf6 48. c7 Rxc7 49. Ne8+ Ke5 50. Nxc7 Kxd4 51. Kf4 Kc5 52. e5 Kb6 53. Nd5+ Kxb5 54. e6 Kc6 55. e7 Kd7 56. Ke5 h5 57. Kf6 h4 58. Kf7 h3 59. e8Q+ Kd6 60. Ne3 h2 61. Qe4 a5 62. Qd5+ Kc7 63. Ke7 h5 64. Qh1 Kc8 65. Qxh2 a4 66. Qxh5 a3 67. Kd6 Kb7 68. Qf7+ Kb6 69. Qc7+ Kb5 70. Qc4+ Ka5 71. Qb3 Ka6 72. Kc6 1-0

[Event "Titled Tuesday intern op 11th Feb Early"]
[Site "Chess.com INT"]
[Date "2025.02.11"]
[Round "4"]
[White "Kozak, Adam"]
[Black "Timerkhanov, Alexander"]
[Result "1-0"]
[WhiteElo "2601"]
[BlackElo "2287"]
[PlyCount "89"]
[EventDate "2025.02.11"]
[EventType "swiss (blitz)"]
[EventRounds "11"]
[EventCountry "USA"]
[SourceTitle "CB09_2025"]
[SourceDate "2025.02.27"]
[SourceVersion "1"]
[SourceVersionDate "2025.02.27"]
[SourceQuality "1"]

1. e4 c5 2. Nf3 a6 3. h3 Nc6 4. a4 e5 5. Bc4 Be7 6. d3 Nf6 7. Nc3 0-0 8. Nh2 d6 9. Ng4 Be6 10. Ne3 Nd4 11. 0-0 Nd7 12. Ncd5 Bg5 13. c3 Nc6 14. Qh5 Bxe3 15. fxe3 Ne7 16. a5 Bxd5 17. exd5 Nf6 18. Qf3 e4 19. dxe4 Nd7 20. Be2 Ne5 21. Qg3 Re8 22. c4 N7g6 23. b3 Qe7 24. Bb2 f6 25. Bc3 Rec8 26. Ra2 Rc7 27. Rd2 Nh8 28. Bd1 Nhf7 29. Bc2 Re8 30. Kh1 Ng5 31. Rdf2 Ngf7 32. Rxf6 Nh8 33. Re6 Qd7 34. Bxe5 dxe5 35. Qxe5 Rxe6 36. dxe6 Qe7 37. Qd5 Rc8 38. e5 Rd8 39. Qe4 Ng6 40. Qg4 Nxe5 41. Bxh7+ Kxh7 42. Qf5+ Kg8 43. Qxe5 Re8 44. Rf7 Qxe6 45. Qxg7# 1-0

[Event "Titled Tuesday intern op 11th Feb Early"]
[Site "Chess.com INT"]
[Date "2025.02.11"]
[Round "1"]
[White "Skarbarchuk, Tetyana"]
[Black "Timerkhanov, Alexander"]
[Result "0-1"]
[WhiteElo "2051"]
[BlackElo "2287"]
[PlyCount "144"]
[EventDate "2025.02.11"]
[EventType "swiss (blitz)"]
[EventRounds "11"]
[EventCountry "USA"]
[SourceTitle "CB08_2025"]
[SourceDate "2025.02.19"]
[SourceVersion "1"]
[SourceVersionDate "2025.02.19"]
[SourceQuality "1"]

1. d4 d5 2. c4 c6 3. Nc3 Nf6 4. Nf3 dxc4 5. a4 Bf5 6. e3 e6 7. Bxc4 Bb4 8. 0-0 0-0 9. Nh4 Bg4 10. f3 Bh5 11. g4 Nd5 12. Ng2 Bg6 13. Bd2 a5 14. Qe2 c5 15. e4 cxd4 16. Nxd5 exd5 17. Bxd5 Bc5 18. Kh1 Nc6 19. Rac1 Qe7 20. Qb5 Bb4 21. Bxb4 Nxb4 22. Qxb7 Qxb7 23. Bxb7 Rab8 24. Rc7 Rfd8 25. Rd1 d3 26. Rd2 f6 27. Kg1 Bf7 28. Kf2 Bb3 29. Ne3 Bxa4 30. Nd5 Bc2 31. Nxb4 axb4 32. Bd5+ Kh8 33. b3 h6 34. Ke3 Rd6 35. Rc6 Rd7 36. Bc4 Bb1 37. Ra6 Kh7 38. Ra5 g6 39. Rb5 Rxb5 40. Bxb5 Rc7 41. Bxd3 Rc3 42. Kd4 Rxb3 43. Bxb1 Rxb1 44. Kc4 Kg7 45. Rd7+ Kf8 46. Rb7 Rf1 47. Rxb4 Rxf3 48. Kd5 g5 49. Ke6 Kg7 50. Rb7+ Kg6 51. Rf7 Rf4 52. Rf8 Rxe4+ 53. Kd5 Rxg4 54. Ke6 Rf4 55. h3 Re4+ 56. Kd5 Rf4 57. Ke6 h5 58. Rg8+ Kh7 59. Rf8 Kg7 60. Rf7+ Kg6 61. Rf8 h4 62. Rg8+ Kh7 63. Rf8 Kg7 64. Rf7+ Kg6 65. Rf8 Rf3 66. Rg8+ Kh7 67. Rf8 Kg7 68. Rf7+ Kg6 69. Rf8 Re3+ 70. Kd6 Rxh3 71. Ke6 Re3+ 72. Kd6 Kf5 0-1

[Event "Titled Tuesday intern op 11th Feb Early"]
[Site "Chess.com INT"]
[Date "2025.02.11"]
[Round "2"]
[White "Timerkhanov, Alexander"]
[Black "Acikel, Mert"]
[Result "1-0"]
[WhiteElo "2287"]
[BlackElo "2172"]
[PlyCount "111"]
[EventDate "2025.02.11"]
[EventType "swiss (blitz)"]
[EventRounds "11"]
[EventCountry "USA"]
[SourceTitle "CB08_2025"]
[SourceDate "2025.02.19"]
[SourceVersion "1"]
[SourceVersionDate "2025.02.19"]
[SourceQuality "1"]

1. Nf3 d5 2. g3 b6 3. Bg2 Bb7 4. 0-0 e6 5. c4 dxc4 6. Na3 Bxa3 7. bxa3 Nd7 8. Qc2 Ngf6 9. Qxc4 0-0 10. Bb2 c5 11. Rfd1 Rc8 12. Rac1 Bd5 13. Qh4 h6 14. d4 Qe7 15. dxc5 Rxc5 16. Rxc5 Qxc5 17. Qa4 Rc8 18. Bd4 Qc2 19. Qxc2 Rxc2 20. Ne5 Nxe5 21. Bxe5 Bxg2 22. Kxg2 Rxa2 23. Rd8+ Kh7 24. Bxf6 gxf6 25. Rd7 Rxa3 26. Rxf7+ Kg6 27. Rb7 Ra5 28. e4 b5 29. f4 h5 30. h3 a6 31. g4 hxg4 32. hxg4 Ra3 33. Rb6 Kf7 34. Rb7+ Ke8 35. Rb6 Ke7 36. Rb7+ Kd6 37. Rb6+ Kd7 38. g5 fxg5 39. fxg5 Ke7 40. Rb7+ Kf8 41. Kf2 e5 42. Ke2 Ke8 43. g6 Kf8 44. Kd2 Kg8 45. Ke2 Kf8 46. Kd2 Ra4 47. Kd3 b4 48. Kc4 a5 49. Kd5 Ra1 50. Ke6 Rf1 51. Kxe5 Rf3 52. Kd4 b3 53. e5 a4 54. e6 a3 55. g7+ Kg8 56. e7 1-0

[Event "Titled Tuesday intern op 04th Feb Early"]
[Site "Chess.com INT"]
[Date "2025.02.04"]
[Round "5"]
[White "Kilic, Eray"]
[Black "Timerkhanov, Alexander"]
[Result "1-0"]
[WhiteElo "2459"]
[BlackElo "2287"]
[PlyCount "75"]
[EventDate "2025.02.04"]
[EventType "swiss (blitz)"]
[EventRounds "11"]
[EventCountry "USA"]
[SourceTitle "CB07_2025"]
[SourceDate "2025.02.12"]
[SourceVersion "1"]
[SourceVersionDate "2025.02.12"]
[SourceQuality "1"]

1. e4 c5 2. Nf3 a6 3. c3 d5 4. exd5 Qxd5 5. d4 Nf6 6. Be3 cxd4 7. cxd4 e6 8. Nc3 Qd6 9. Bd3 Nc6 10. a3 Be7 11. 0-0 0-0 12. Rc1 b5 13. Bb1 Bb7 14. Qd3 Rfd8 15. Rfd1 b4 16. axb4 Nxb4 17. Qe2 Ng4 18. Ne4 Bxe4 19. Bxe4 Rac8 20. h3 Nxe3 21. fxe3 Nd5 22. Bd3 a5 23. Qd2 g6 24. Be4 Qb4 25. Qxb4 axb4 26. Kf2 b3 27. Bxd5 exd5 28. Ke2 Bb4 29. Ne5 Bd6 30. Nc6 Re8 31. Rc3 Bf4 32. Ne7+ Rxe7 33. Rxc8+ Kg7 34. Rd3 f5 35. Rxb3 Bg5 36. g3 h5 37. h4 Bf6 38. Kf3 1-0

[Event "Titled Tuesday intern op 04th Feb Early"]
[Site "Chess.com INT"]
[Date "2025.02.04"]
[Round "3"]
[White "Kozak, Adam"]
[Black "Timerkhanov, Alexander"]
[Result "1-0"]
[WhiteElo "2601"]
[BlackElo "2287"]
[PlyCount "81"]
[EventDate "2025.02.04"]
[EventType "swiss (blitz)"]
[EventRounds "11"]
[EventCountry "USA"]
[SourceTitle "CB07_2025"]
[SourceDate "2025.02.12"]
[SourceVersion "1"]
[SourceVersionDate "2025.02.12"]
[SourceQuality "1"]

1. d4 d5 2. c4 c6 3. Nc3 Nf6 4. e3 a6 5. Qc2 Bg4 6. Bd3 Bh5 7. f4 e6 8. Nf3 Bg6 9. Ne5 Bxd3 10. Qxd3 Nbd7 11. 0-0 Be7 12. Bd2 0-0 13. c5 Nxe5 14. fxe5 Nd7 15. e4 Bg5 16. exd5 cxd5 17. b4 Bxd2 18. Qxd2 Qh4 19. a4 f6 20. exf6 Nxf6 21. Rf4 Qh6 22. Re1 Rf7 23. Rxe6 Qg5 24. Re5 Qh6 25. Rf2 Qg6 26. h3 Raf8 27. Ref5 Ne4 28. Rxf7 Rxf7 29. Nxe4 Qxe4 30. Re2 Qb1+ 31. Re1 Qb3 32. Re8+ Rf8 33. Rxf8+ Kxf8 34. Qf4+ Ke7 35. b5 axb5 36. axb5 Qc4 37. b6 Ke6 38. Qe5+ Kf7 39. Kh2 Kg6 40. Qd6+ Kg5 41. c6 1-0

[Event "Titled Tuesday intern op 07th Jan Early"]
[Site "Chess.com INT"]
[Date "2025.01.07"]
[Round "9"]
[White "Gholami Orimi, Mahdi"]
[Black "Timerkhanov, Alexander"]
[Result "1-0"]
[WhiteElo "2510"]
[BlackElo "2287"]
[PlyCount "135"]
[EventDate "2025.01.07"]
[EventType "swiss (blitz)"]
[EventRounds "11"]
[EventCountry "USA"]
[SourceTitle "CB03_2025"]
[SourceDate "2025.01.15"]
[SourceVersion "1"]
[SourceVersionDate "2025.01.15"]
[SourceQuality "1"]

1. d4 d5 2. Nf3 Nf6 3. Bf4 c5 4. e3 Nc6 5. Nbd2 Qb6 6. dxc5 Qxb2 7. Rb1 Qc3 8. Bb5 g6 9. 0-0 Bg7 10. Nd4 Bd7 11. N2b3 0-0 12. Ne2 Qb4 13. a4 Ne4 14. f3 Nc3 15. Nxc3 Qxc3 16. Qxd5 Be6 17. Qd3 Nb4 18. Qxc3 Bxc3 19. Nd4 Bxd4 20. exd4 Nxc2 21. Bd3 Nxd4 22. Rxb7 Bf5 23. Bxf5 Ne2+ 24. Kf2 Nxf4 25. Be4 f5 26. Bc2 Rfc8 27. Rxe7 Rxc5 28. Bb3+ Kh8 29. Rd1 Rc3 30. Rb7 Nd3+ 31. Kg1 Nc5 32. Rc7 Rxb3 33. Rxc5 Rb7 34. Rd2 Rab8 35. Kf2 Rb2 36. Rxb2 Rxb2+ 37. Kg3 Rb7 38. a5 Kg7 39. h4 Rd7 40. Rc6 Kh6 41. a6 Re7 42. Kf4 Kh5 43. g3 h6 44. Rf6 Rc7 45. g4+ fxg4 46. fxg4+ Kxh4 47. Rxg6 Rc4+ 48. Kf5 Rc5+ 49. Ke4 Rc4+ 50. Kd5 Rxg4 51. Rxh6+ Kg5 52. Rh7 Ra4 53. Rxa7 Kg6 54. Ra8 Ra1 55. Kc6 Kg7 56. Kb7 Rb1+ 57. Ka7 Rf1 58. Rb8 Rf6 59. Rb7+ Kg8 60. Rb6 Rf7+ 61. Kb8 Rf8+ 62. Kb7 Rf7+ 63. Ka8 Re7 64. a7 Kf8 65. Rb8+ Kf7 66. Rb7 Ke6 67. Rxe7+ Kxe7 68. Kb7 1-0

[Event "Titled Tuesday intern op 07th Jan Early"]
[Site "Chess.com INT"]
[Date "2025.01.07"]
[Round "5"]
[White "Mazzilli, Piero"]
[Black "Timerkhanov, Alexander"]
[Result "0-1"]
[WhiteElo "2303"]
[BlackElo "2287"]
[PlyCount "82"]
[EventDate "2025.01.07"]
[EventType "swiss (blitz)"]
[EventRounds "11"]
[EventCountry "USA"]
[SourceTitle "CB03_2025"]
[SourceDate "2025.01.15"]
[SourceVersion "1"]
[SourceVersionDate "2025.01.15"]
[SourceQuality "1"]

1. e4 c5 2. Nf3 a6 3. c4 Nc6 4. d4 cxd4 5. Nxd4 Nf6 6. Nc3 e5 7. Nf3 Bc5 8. Bg5 h6 9. Bxf6 Qxf6 10. Be2 d6 11. 0-0 0-0 12. Nd5 Qd8 13. a3 Be6 14. b4 Ba7 15. Rc1 Nd4 16. Nxd4 Bxd4 17. Bg4 Qh4 18. h3 f5 19. exf5 Bxf5 20. Ne3 Bg6 21. g3 Qf6 22. Qe2 Be4 23. Nd5 Bxd5 24. cxd5 Kh8 25. Kg2 Rf7 26. Be6 Rff8 27. f4 Qe7 28. f5 Qg5 29. Rc7 a5 30. h4 Qd8 31. Rfc1 axb4 32. axb4 Ra3 33. Rd7 Qa8 34. Rc2 e4 35. Qxe4 Be5 36. g4 Rg3+ 37. Kf2 Qa1 38. Ke2 Rg1 39. Kd3 b5 40. Qe2 Rg3+ 41. Ke4 Qd4# 0-1

[Event "Titled Tuesday intern op 07th Jan Early"]
[Site "Chess.com INT"]
[Date "2025.01.07"]
[Round "10"]
[White "Timerkhanov, Alexander"]
[Black "Dreev, Alexey"]
[Result "1-0"]
[WhiteElo "2287"]
[BlackElo "2590"]
[PlyCount "55"]
[EventDate "2025.01.07"]
[EventType "swiss (blitz)"]
[EventRounds "11"]
[EventCountry "USA"]
[SourceTitle "CB03_2025"]
[SourceDate "2025.01.15"]
[SourceVersion "1"]
[SourceVersionDate "2025.01.15"]
[SourceQuality "1"]

1. d4 d5 2. Nf3 Nf6 3. g3 Bf5 4. Bg2 e6 5. 0-0 c6 6. b3 Bd6 7. Bb2 0-0 8. c4 Nbd7 9. Nc3 h6 10. Nd2 Bg4 11. Qc2 e5 12. dxe5 Nxe5 13. cxd5 cxd5 14. Nxd5 Nxd5 15. Bxd5 Bxe2 16. Rfe1 Bd3 17. Qc3 Rc8 18. Qd4 Re8 19. Nf3 Bc5 20. Bxf7+ Kxf7 21. Nxe5+ Rxe5 22. Qxe5 Qf6 23. Qxf6+ gxf6 24. Rac1 Rc6 25. Red1 Be4 26. Rd7+ Kg6 27. b4 Bxb4 28. Rd4 1-0

[Event "Chigorin Memorial 31st"]
[Site "St Petersburg"]
[Date "2024.10.29"]
[Round "4"]
[White "Timerkhanov, Alexander"]
[Black "Seleznev, Mikhail V"]
[Result "1/2-1/2"]
[WhiteElo "2283"]
[BlackElo "1904"]
[PlyCount "81"]
[EventDate "2024.10.26"]
[EventType "swiss"]
[EventRounds "9"]
[EventCountry "RUS"]
[SourceTitle "CB45_2024"]
[Source "ChessBase"]
[SourceDate "2024.11.06"]
[SourceVersion "1"]
[SourceVersionDate "2024.11.06"]
[SourceQuality "1"]

1. d4 d5 2. Nf3 Nf6 3. g3 g6 4. Bg2 Bg7 5. 0-0 0-0 6. c4 dxc4 7. Na3 c3 8. bxc3 c5 9. Ne5 cxd4 10. cxd4 Nd5 11. Qb3 Nb6 12. Bb2 Be6 13. Qd1 Bxe5 14. dxe5 Nc6 15. Nb5 Bd5 16. Bxd5 Qxd5 17. Qxd5 Nxd5 18. e6 f5 19. Rfd1 Rad8 20. Rd2 Nb6 21. Rxd8 Rxd8 22. e3 a6 23. Nd4 Nc4 24. Nxc6 bxc6 25. Bd4 Rd6 26. Rb1 Rxe6 27. Rb4 Ne5 28. Ra4 Nf3+ 29. Kg2 Nxd4 30. exd4 Re4 31. Rxa6 Rxd4 32. Rxc6 Ra4 33. Re6 Kf7 34. Re2 e5 35. Rxe5 Rxa2 36. Rb5 Re2 37. Rb7+ Re7 38. Rb6 Re6 39. Rb7+ Re7 40. Rb6 Re6 41. Rb7+ 1/2-1/2

[Event "Titled Tuesday intern op 24th Sep Early"]
[Site "Chess.com INT"]
[Date "2024.09.24"]
[Round "9"]
[White "Lewtak, Damian"]
[Black "Timerkhanov, Alexander"]
[Result "1-0"]
[WhiteElo "2356"]
[BlackElo "2278"]
[PlyCount "41"]
[EventDate "2024.09.24"]
[EventType "swiss (blitz)"]
[EventRounds "11"]
[EventCountry "USA"]
[SourceTitle "EXT 2025"]
[Source "ChessBase"]
[SourceDate "2024.10.14"]
[SourceVersion "1"]
[SourceVersionDate "2024.10.14"]
[SourceQuality "1"]

1. e4 c5 2. Nf3 a6 3. c4 Nc6 4. Nc3 Nf6 5. d4 cxd4 6. Nxd4 e5 7. Nc2 Bc5 8. Be2 d6 9. 0-0 Be6 10. Be3 0-0 11. Qd2 Rc8 12. Rad1 Bxe3 13. Qxe3 Qc7 14. f4 exf4 15. Rxf4 Ne5 16. Nd4 Nxc4 17. Bxc4 Qxc4 18. Rxf6 gxf6 19. Nd5 Bxd5 20. Nf5 Kh8 21. Qh6 1-0

[Event "Titled Tuesday intern op 24th Sep Early"]
[Site "Chess.com INT"]
[Date "2024.09.24"]
[Round "8"]
[White "Timerkhanov, Alexander"]
[Black "Seemann, Jakub"]
[Result "0-1"]
[WhiteElo "2278"]
[BlackElo "2489"]
[PlyCount "76"]
[EventDate "2024.09.24"]
[EventType "swiss (blitz)"]
[EventRounds "11"]
[EventCountry "USA"]
[SourceTitle "EXT 2025"]
[Source "ChessBase"]
[SourceDate "2024.10.14"]
[SourceVersion "1"]
[SourceVersionDate "2024.10.14"]
[SourceQuality "1"]

1. d4 Nf6 2. Bg5 d5 3. Nd2 Nbd7 4. Ngf3 h6 5. Bf4 e6 6. e3 Nh5 7. Be5 Be7 8. Bd3 c5 9. c3 Nhf6 10. h3 Nxe5 11. Nxe5 Nd7 12. Nxd7 Bxd7 13. 0-0 0-0 14. Qe2 Rc8 15. f4 b5 16. a3 b4 17. axb4 cxb4 18. c4 a5 19. c5 Qc7 20. Nf3 Ra8 21. Ne5 a4 22. Nxd7 Qxd7 23. Bb5 Qc7 24. Bxa4 Ra7 25. b3 Rfa8 26. Rac1 g6 27. Kh1 h5 28. Rfd1 Kg7 29. Qf3 Rd8 30. e4 dxe4 31. Qxe4 Rd5 32. Rc4 Rf5 33. Rf1 Bg5 34. Rxb4 Rxf4 35. Rxf4 Bxf4 36. c6 Bd6 37. Rb7 Rxb7 38. cxb7 Qc1+ 0-1

[Event "Titled Tuesday intern op 17th Sep Early"]
[Site "Chess,com INT"]
[Date "2024.09.17"]
[Round "9"]
[White "Obidjonov, Oriyat"]
[Black "Timerkhanov, Alexander"]
[Result "0-1"]
[WhiteElo "2089"]
[BlackElo "2278"]
[PlyCount "48"]
[EventDate "2024.09.17"]
[EventType "swiss (blitz)"]
[EventRounds "11"]
[EventCountry "USA"]
[SourceTitle "EXT 2025"]
[Source "ChessBase"]
[SourceDate "2024.10.14"]
[SourceVersion "1"]
[SourceVersionDate "2024.10.14"]
[SourceQuality "1"]

1. e4 c5 2. Nf3 d6 3. d4 cxd4 4. Nxd4 Nf6 5. Nc3 a6 6. Bc4 Nbd7 7. 0-0 Nc5 8. Be3 e6 9. f3 b5 10. Bb3 Bb7 11. a3 Be7 12. Ba2 0-0 13. Nde2 Rc8 14. Rc1 Qc7 15. Nd4 Rfd8 16. Re1 d5 17. exd5 Nxd5 18. Bf2 Nxc3 19. bxc3 e5 20. Qe2 Bf6 21. Nf5 Na4 22. c4 Nc3 23. Qf1 Nxa2 24. Ra1 Nc3 0-1

[Event "Titled Tuesday intern op 17th Sep Early"]
[Site "Chess,com INT"]
[Date "2024.09.17"]
[Round "7"]
[White "Shevchenko, Yaroslav"]
[Black "Timerkhanov, Alexander"]
[Result "1-0"]
[WhiteElo "2038"]
[BlackElo "2278"]
[PlyCount "73"]
[EventDate "2024.09.17"]
[EventType "swiss (blitz)"]
[EventRounds "11"]
[EventCountry "USA"]
[SourceTitle "EXT 2025"]
[Source "ChessBase"]
[SourceDate "2024.10.14"]
[SourceVersion "1"]
[SourceVersionDate "2024.10.14"]
[SourceQuality "1"]

1. e4 c5 2. g3 Nc6 3. Bg2 g6 4. Ne2 Bg7 5. 0-0 e6 6. c3 d6 7. d4 e5 8. Be3 cxd4 9. cxd4 Nf6 10. h3 0-0 11. Nbc3 a6 12. Rc1 h6 13. Qd2 Kh7 14. Rfd1 Qe7 15. d5 Nd8 16. Na4 Bd7 17. Nb6 Rb8 18. Rc7 Qe8 19. Nxd7 Nxd7 20. Qb4 Qe7 21. Rdc1 f5 22. exf5 gxf5 23. h4 Qe8 24. Qxd6 Nf6 25. Re7 Qb5 26. Nc3 Qxb2 27. Qxb8 Ng4 28. Qc7 Rg8 29. Na4 Qa3 30. Qc2 Nxe3 31. fxe3 Qxe3+ 32. Kh2 Kh8 33. Qxf5 Rf8 34. Qg6 Rg8 35. Rcc7 Qf2 36. Qxh6+ Bxh6 37. Rh7# 1-0

[Event "Titled Tuesday intern op 10th Sep Early"]
[Site "Chess,com INT"]
[Date "2024.09.10"]
[Round "6"]
[White "Bruyatskaya, Marina"]
[Black "Timerkhanov, Alexander"]
[Result "0-1"]
[WhiteElo "2122"]
[BlackElo "2278"]
[PlyCount "52"]
[EventDate "2024.09.10"]
[EventType "swiss (blitz)"]
[EventRounds "11"]
[EventCountry "USA"]
[SourceTitle "EXT 2025"]
[Source "ChessBase"]
[SourceDate "2024.10.14"]
[SourceVersion "1"]
[SourceVersionDate "2024.10.14"]
[SourceQuality "1"]

1. e4 c5 2. Nf3 d6 3. d4 cxd4 4. Nxd4 Nf6 5. Nc3 a6 6. Bg5 Nbd7 7. Be3 e6 8. g4 Nc5 9. Bg2 h5 10. h3 e5 11. Nf5 g6 12. Bxc5 gxf5 13. g5 Nh7 14. Ba3 Qxg5 15. Qf3 Rg8 16. Rh2 f4 17. Rd1 Be6 18. Bxd6 Bxd6 19. Rxd6 Qe7 20. Rd2 h4 21. Nd5 Bxd5 22. exd5 Rd8 23. c4 Ng5 24. Qc3 e4 25. Rd4 Nf3+ 26. Bxf3 exf3+ 0-1

[Event "Titled Tuesday intern op 10th Sep Early"]
[Site "Chess,com INT"]
[Date "2024.09.10"]
[Round "8"]
[White "Timerkhanov, Alexander"]
[Black "Haitin, Ilja"]
[Result "1/2-1/2"]
[WhiteElo "2278"]
[BlackElo "2249"]
[PlyCount "276"]
[EventDate "2024.09.10"]
[EventType "swiss (blitz)"]
[EventRounds "11"]
[EventCountry "USA"]
[SourceTitle "EXT 2025"]
[Source "ChessBase"]
[SourceDate "2024.10.14"]
[SourceVersion "1"]
[SourceVersionDate "2024.10.14"]
[SourceQuality "1"]

1. e4 e6 2. d4 d5 3. Nc3 Nf6 4. e5 Nfd7 5. Nce2 c5 6. c3 Nc6 7. Nf3 Be7 8. g3 cxd4 9. cxd4 0-0 10. Bg2 f6 11. exf6 Nxf6 12. 0-0 Ne4 13. Be3 Bf6 14. Nd2 Nxd2 15. Qxd2 Bd7 16. Rac1 Rc8 17. b3 Qa5 18. Qxa5 Nxa5 19. Nf4 Rxc1 20. Rxc1 Rc8 21. Rxc8+ Bxc8 22. Bh3 Nc6 23. Nxd5 exd5 24. Bxc8 Nd8 25. Bf5 g6 26. Bh3 Kf7 27. Kf1 Nc6 28. Bc8 Nxd4 29. Bxd4 Bxd4 30. Bxb7 Ke6 31. Ke2 Bc5 32. f4 h6 33. h3 g5 34. fxg5 hxg5 35. h4 gxh4 36. gxh4 Be7 37. h5 Bg5 38. Kf3 a5 39. Ba6 Ke5 40. Bf1 Kf6 41. Kg4 Bd2 42. Bd3 Kg7 43. Kf5 Kh6 44. Be2 Be1 45. Ke5 Bd2 46. Kxd5 Be1 47. Kc4 Bd2 48. Kd3 Be1 49. a3 Kg5 50. Bf3 Kh6 51. Ke4 Bd2 52. Kd5 Be1 53. Ke6 Kg5 54. Ke5 Kh6 55. Kf5 Bc3 56. Bd1 Bb2 57. b4 axb4 58. a4 Bd4 59. Kg4 Ba7 60. a5 Bc5 61. a6 Ba7 62. Kh4 Bb6 63. Bb3 Ba7 64. Bf7 Bb6 65. Kg4 Ba7 66. Kf5 Bb6 67. Ke4 Ba7 68. Kd3 Bb6 69. Kc4 Ba7 70. Kxb4 Bf2 71. Kb5 Bg1 72. Kc6 Bf2 73. Kb7 Be3 74. Be8 Bf2 75. Kc6 Be3 76. Kc7 Bf2 77. Kd7 Be3 78. Ke6 Ba7 79. Kd5 Bb6 80. Kc6 Ba7 81. Kb5 Bf2 82. Kb4 Be3 83. Kc4 Ba7 84. Kd3 Bg1 85. Ke4 Ba7 86. Kf3 Bb6 87. Ke4 Ba7 88. Kf5 Bb6 89. Ke6 Ba7 90. Kd5 Bb6 91. a7 Bxa7 92. Kc6 Be3 93. Kb7 Bg5 94. Kc8 Kg7 95. Kd7 Kh8 96. Kc6 Bh6 97. Kb5 Bf8 98. Kc4 Bc5 99. Kd5 Bd4 100. Bg6 Bf6 101. Ke4 Bg5 102. Kd3 Bh6 103. Ke2 Bg7 104. Kf3 Bh6 105. Ke4 Bg7 106. Kd3 Bh6 107. Ke2 Bg7 108. Kf3 Bh6 109. Kg4 Bg7 110. Kg5 Bf8 111. Kf6 Bh6 112. Kf7 Bg7 113. Be4 Bh6 114. Kg6 Bd2 115. h6 Bc1 116. h7 Bb2 117. Kf7 Ba1 118. Bg6 Bb2 119. Kf8 Bc3 120. Kf7 Bb2 121. Bb1 Ba1 122. Bc2 Bb2 123. Ke6 Ba1 124. Kd5 Bb2 125. Kc4 Ba1 126. Kb3 Bb2 127. Ka2 Ba1 128. Kb3 Bg7 129. Kc4 Bf6 130. Kd5 Bg7 131. Ke6 Bf6 132. Kf7 Bg7 133. Ke6 Bf6 134. Kd5 Bg7 135. Kc4 Bf6 136. Kb3 Bg7 137. Ka2 Bf6 138. Kb3 Bg7 1/2-1/2

[Event "Titled Tuesday intern op 10th Sep Early"]
[Site "Chess,com INT"]
[Date "2024.09.10"]
[Round "3"]
[White "Timerkhanov, Alexander"]
[Black "Pakleza, Zbigniew"]
[Result "0-1"]
[WhiteElo "2278"]
[BlackElo "2483"]
[PlyCount "74"]
[EventDate "2024.09.10"]
[EventType "swiss (blitz)"]
[EventRounds "11"]
[EventCountry "USA"]
[SourceTitle "EXT 2025"]
[Source "ChessBase"]
[SourceDate "2024.10.14"]
[SourceVersion "1"]
[SourceVersionDate "2024.10.14"]
[SourceQuality "1"]

1. e4 d6 2. d4 Nf6 3. Nc3 c6 4. f3 Qb6 5. Be3 Qxb2 6. Nge2 Qa3 7. Kf2 e5 8. g4 Bxg4 9. fxg4 Nxg4+ 10. Kf3 Nxe3 11. Kxe3 Nd7 12. Bh3 Nf6 13. Rb1 b5 14. Rf1 Be7 15. Rb3 Qa5 16. d5 a6 17. Ng3 b4 18. Rxf6 Bxf6 19. Nce2 0-0 20. Nh5 Bg5+ 21. Kf2 g6 22. Rg3 Bh4 23. dxc6 Qc5+ 24. Kg2 Bxg3 25. Nhxg3 Qxc6 26. Kg1 Rad8 27. Bg2 Qc4 28. Nc1 Rc8 29. Nb3 Qxc2 30. Qxd6 Qxa2 31. Nc5 Qa1+ 32. Nf1 Qd4+ 33. Qxd4 exd4 34. Nd7 Rfd8 35. Nf6+ Kg7 36. Nd5 b3 37. Nd2 b2 0-1